Systems thinking: managing chaos and complexity. A platform for designing busines architecture

Gardado en:
Detalles Bibliográficos
Autor Principal: Gharajedaghi, Jamshid (Author)
Formato: Libro
Idioma:inglés
Publicado: Amsterdam Elsevier 2006
Edición:2a. ed
Subjects:
Tags: Engadir etiqueta
Sen Etiquetas, Sexa o primeiro en etiquetar este rexistro!

MARC

LEADER 00000nam a2200000 a 4500
001 UCI5315
003 CL-VaPUC
008 080320e20060000NE |||||||||||||||||eng|d
020 |a 9780750679732 
082 0 4 |a 003  |b GHA  |2 21 
100 0 |a Gharajedaghi, Jamshid  |e author  |9 527618 
245 1 0 |a Systems thinking: managing chaos and complexity. A platform for designing busines architecture 
250 |a 2a. ed 
300 |a 338 p 
942 |c BK 
945 |d 20080320 00:00:00  |a rbrito 
260 |a Amsterdam  |b Elsevier  |c 2006 
650 0 |a Análisis de sistemas   |9 260059 
650 7 |a TEORIAS DEL CAOS  |2 CL-VaPUC  |9 527619 
650 7 |a COMPLEJIDAD  |2 CL-VaPUC  |9 419204 
650 7 |a CONTROL DE SISTEMAS  |2 CL-VaPUC  |9 352951 
650 0 |a Investigación operativa  |9 259383 
583 |a last modification  |c 20080320 00:00:00  |k Rodrigo Vera 
999 |c 329068  |d 329066 
952 |0 0  |1 0  |4 0  |6 003_000000000000000_GHA_2006  |7 0  |8 A  |9 413387  |a BIBING  |b BIBING  |d 2019-11-22  |i 441778K  |o 003 GHA 2006  |p 441778K  |r 2024-01-25  |w 2019-11-22  |y BK  |k EII